000 00605nam a2200193Ia 4500
008 240729s9999 xx 000 0 und d
022 _a2434-4931
245 0 _aEnvironmental and Occupational Health Practice
260 _aJapan
260 _bJapan Society for Occupational Health
650 _a Industrial directories
650 _a Industrial safety. Industrial accident prevention | Medicine
650 _a Medicine (General)
650 _a Technology (General)
650 _aTechnology
856 _uhttps://doaj.org/toc/5fbcec01354f4055a211ee7919c6fbb9
942 _2ddc
942 _cDOAJEJ
999 _c69541
_d69541
945 _a1
_bMadushi Gamage
_c1
_dMadushi Gamage